<?xml version="1.0" encoding="UTF-8"?>
<record
    xmlns:xsi="http://www.w3.org/2001/XMLSchema-instance"
    xsi:schemaLocation="http://www.loc.gov/MARC21/slim http://www.loc.gov/standards/marcxml/schema/MARC21slim.xsd"
    xmlns="http://www.loc.gov/MARC21/slim">

  <leader>01541nam a22003497u 4500</leader>
  <controlfield tag="001">pwiiw3090</controlfield>
  <controlfield tag="003">OSt</controlfield>
  <controlfield tag="005">20260516120039.0</controlfield>
  <controlfield tag="008">131219t2013    au ||||| |||| 00| ||eng d</controlfield>
  <datafield tag="040" ind1=" " ind2=" ">
    <subfield code="c">OSt</subfield>
  </datafield>
  <datafield tag="041" ind1=" " ind2=" ">
    <subfield code="a">eng</subfield>
  </datafield>
  <datafield tag="084" ind1=" " ind2=" ">
    <subfield code="a">E21</subfield>
    <subfield code="a">E42</subfield>
    <subfield code="a">E44</subfield>
    <subfield code="a">E62</subfield>
    <subfield code="a">F21</subfield>
    <subfield code="a">F51</subfield>
    <subfield code="a">G12</subfield>
    <subfield code="a">G15</subfield>
    <subfield code="2">jelc</subfield>
  </datafield>
  <datafield tag="100" ind1="1" ind2=" ">
    <subfield code="a">Bhaduri, Amit</subfield>
  </datafield>
  <datafield tag="245" ind1="1" ind2="0">
    <subfield code="a">What Remains of the Theory of Demand Management  in a Globalising World?</subfield>
  </datafield>
  <datafield tag="260" ind1=" " ind2=" ">
    <subfield code="a">Wien :</subfield>
    <subfield code="b">Wiener Institut f&#xFC;r Internationale Wirtschaftsvergleiche (wiiw),</subfield>
    <subfield code="c">2013.</subfield>
  </datafield>
  <datafield tag="300" ind1=" " ind2=" ">
    <subfield code="a">8 S., </subfield>
    <subfield code="b"></subfield>
    <subfield code="c">30cm.</subfield>
  </datafield>
  <datafield tag="490" ind1="1" ind2=" ">
    <subfield code="a">wiiw Policy Notes and Reports</subfield>
    <subfield code="v">12</subfield>
  </datafield>
  <datafield tag="520" ind1=" " ind2=" ">
    <subfield code="a">The paper explains a curious redirection of economic policies that uses the policy framework of Kalecki and Keynes only to undermine it. It does not negate their theory of demand management, but reformulates it to serve the powerful interests of finance in the era of financial globalisation. As a result accountability to finance rather than to the citizens becomes more important for democratic governments and credit rating dominates democratic performance.
</subfield>
  </datafield>
  <datafield tag="650" ind1=" " ind2=" ">
    <subfield code="a">aggregate demand</subfield>
  </datafield>
  <datafield tag="650" ind1=" " ind2=" ">
    <subfield code="a">real and money wage</subfield>
  </datafield>
  <datafield tag="650" ind1=" " ind2=" ">
    <subfield code="a">income distribution</subfield>
  </datafield>
  <datafield tag="650" ind1=" " ind2=" ">
    <subfield code="a">trade war</subfield>
  </datafield>
  <datafield tag="650" ind1=" " ind2=" ">
    <subfield code="a">shadow banks</subfield>
  </datafield>
  <datafield tag="650" ind1=" " ind2=" ">
    <subfield code="a">endogenous money</subfield>
  </datafield>
  <datafield tag="650" ind1=" " ind2=" ">
    <subfield code="a">credit rating</subfield>
  </datafield>
  <datafield tag="651" ind1=" " ind2=" ">
    <subfield code="a">non specific</subfield>
  </datafield>
  <datafield tag="690" ind1=" " ind2=" ">
    <subfield code="a">Macroeconomic Analysis and Policy</subfield>
  </datafield>
  <datafield tag="690" ind1=" " ind2=" ">
    <subfield code="a">International Trade, Competitiveness and FDI</subfield>
  </datafield>
  <datafield tag="830" ind1=" " ind2="0">
    <subfield code="v">12</subfield>
    <subfield code="w">WIIW0000092</subfield>
    <subfield code="t">wiiw Policy Notes and Reports</subfield>
  </datafield>
  <datafield tag="856" ind1="4" ind2="0">
    <subfield code="u">https://wiiw.ac.at/p-3090.html</subfield>
  </datafield>
  <datafield tag="942" ind1=" " ind2=" ">
    <subfield code="c">P</subfield>
  </datafield>
  <datafield tag="999" ind1=" " ind2=" ">
    <subfield code="c">8519</subfield>
    <subfield code="d">8519</subfield>
  </datafield>
  <datafield tag="952" ind1=" " ind2=" ">
    <subfield code="0">0</subfield>
    <subfield code="1">0</subfield>
    <subfield code="4">0</subfield>
    <subfield code="7">0</subfield>
    <subfield code="a">BIB</subfield>
    <subfield code="b">BIB</subfield>
    <subfield code="c">1</subfield>
    <subfield code="d">2013-12-19</subfield>
    <subfield code="i">pwiiw3090</subfield>
    <subfield code="l">0</subfield>
    <subfield code="o">/12</subfield>
    <subfield code="p">1000010003090</subfield>
    <subfield code="r">2013-12-19 00:00:00</subfield>
    <subfield code="w">2018-07-19</subfield>
    <subfield code="y">P</subfield>
  </datafield>
</record>
